| 000 | 00481nam a2200181Ia 4500 | ||
|---|---|---|---|
| 001 | 13914 | ||
| 003 | GE_BSU | ||
| 008 | 181216s||||||||xx |||||||||||||| ||und|| | ||
| 040 | _cGE_BSU | ||
| 080 | _a821.111-3 | ||
| 100 | _aSommer,E.Van. | ||
| 245 | _aMartin's interit-ance:or,the story of a life's chances. | ||
| 260 | _aLondon. | ||
| 260 | _bTomas nelson and sons,ltd. | ||
| 300 | _a283p;19cm. | ||
| 653 | _aMartin's interit-ance:or,the story of a life's chances. | ||
| 942 | _cBK | ||
| 999 |
_c47057 _d47057 |
||